LEADER 01239nam a2200265 i 4500 001 000000241369 003 CaOOAMICUS 005 20201001122224.0 008 150429s2014 it u000 u mul u 013 $a220274 020 $a978-88-213-1161-1 040 $aSeMil$bita 245 13$aLa storiografia salesiana :$btra studi e documentazione nella stagione postconciliare /$ca cura di Grazia Loparco e Stanislaw Zimniak. 260 $aRoma :$bLAS,$c2014. 300 $a773 p. :$bill. ;$c24 cm. 650 4$aSalesiani - Storiografia.$0(OLS)http://semarc/subject/42345 700 1 $aZimniak, Stanislaw .$0(OLS)http://semarc/name/38190 700 1 $aLoparco, Grazia <1960- >.$0(OLS)http://semarc/name/44837 830 0$aStudi / Associazione cultori storia salesiana ;$v7.$0(OLS)http://semarc/title/431258 850 $aSeMil 852 $aSeMil$W1$xVenegono$y1$m3G IV 357$j191715$B191715$CSeMilBibl$Z2$F203093 $81 996 $6020$a978-88-213-1161-1$9(OLS)http://semarc/number/248047 996 $6245$aLa storiografia salesiana :$btra studi e documentazione nella stagione postconciliare$9(OLS)http://semarc/title/343073 996 $6260$aRoma :$bLAS$9(OLS)http://semarc/publisher/29900 LEADER 01680nam a2200289 i 4500 001 000000225423 003 CaOOAMICUS 005 20131204000000.0 008 131204s1847 xx u000 u mul u 013 $a204325 040 $aSeMil$bita 245 10$aTomus quartus. Sancti Gregorii Nysseni, Eusebii Caesariensis, Dydimi Alexandrini, Iohannis Chrysostomi et aliorum nova scripta. Item Nicetae Byzantini refutatio Corani amplissima. Petri Siculi historia et refutatio Manichaeorum .. 300 $aVIII, 454, 210 p., [2] c. di tav. 700 1 $aNicetas : Byzantinus.$0(OLS)http://semarc/name/78331 700 0 $aDidymus : Alexandrinus,$d<4. sec.>.$0(OLS)http://semarc/name/53446 700 0 $aPetrus : Siculus.$0(OLS)http://semarc/name/78330 700 0 $aEusebius : Caesariensis,$c.$0(OLS)http://semarc/name/3578 700 0 $aGregorius : Nyssenus,$c.$0(OLS)http://semarc/name/89135 700 0 $aIoannes : Chrysostomus,$c.$0(OLS)http://semarc/name/1428 773 0 $tPatrum nova bibliotheca.$dRomae : Typis Sacri Consilii propagando christiano nomini, 1844-1905.$g4$w()1283 850 $aSeMil 852 $aSeMil$W1$xVenegono$y1$m2P VI 35 FA$j175769$B175769$CSeMilBibl$Z2$F186202 $8I 900 0 $aGregorio : di Nissa$c. 900 1 $aDidymus : caecus. 996 $6245$aTomus quartus. Sancti Gregorii Nysseni, Eusebii Caesariensis, Dydimi Alexandrini, Iohannis Chrysostomi et aliorum nova scripta. Item Nicetae Byzantini refutatio Corani amplissima. Petri Siculi historia et refutatio Manichaeorum ..$9(OLS)http://semarc/title/322895